| 000 | 00825nam a22002177a 4500 | ||
|---|---|---|---|
| 999 |
_c7502 _d7502 |
||
| 003 | AR-CdUCM | ||
| 008 | 190320b ||||| |||| 00| 0 spa d | ||
| 040 |
_aMUNICIPALIDAD PROVINCIAL DEL CUSCO _cBIBLIOTECA MUNICIPAL DEL CUSCO |
||
| 082 |
_a320.946 / _bOS82 |
||
| 100 |
_aOssorio, Angel _910915 |
||
| 245 | _aCartas a una señora sobre temas de derecho político / | ||
| 260 |
_aBuenos Aires : _bEdiciones Jurídica Europa - América, _c1957. |
||
| 300 |
_a204 páginas ; _c15 cm. |
||
| 440 |
_aBreviarios de Derecho _n6 _921177 |
||
| 505 | _aContenido: Socialismo, comunismo -- Sindicalismo, anarquismo -- Democracia cristiana -- Formas de Gobierno -- Religión y política ... | ||
| 650 |
_aConstitución _92117 |
||
| 650 |
_aPatriotismo _91254 |
||
| 650 |
_aNacionalismo _92901 |
||
| 942 |
_2ddc _cLIBROS |
||
| 945 | _araen | ||